UniBanka potrebuje na rast kapitál
Zvýšenie základného imania UniBanky, a.s. Bratislava plánuje vedenie banky využiť na rozšírenie distribučných kanálov. Banka plánuje elektronické bankovníctvo a otváranie nových pobočiek, rozšírenie úverového portfólia. Akcionári UniBanky.
Salvato in:
| Natura: | Capitolo di libro |
|---|---|
| Lingua: | slovacco |
| Soggetti: | |
| Tags: |
Nessun Tag, puoi essere il primo ad aggiungerne!!
|
MARC
| LEADER | 00000naa a2200000 4500 | ||
|---|---|---|---|
| 001 | r046473 | ||
| 005 | 20230921113707.8 | ||
| 041 | 0 | |a slo | |
| 044 | |a SK | ||
| 245 | 1 | 0 | |a UniBanka potrebuje na rast kapitál |
| 520 | |a Zvýšenie základného imania UniBanky, a.s. Bratislava plánuje vedenie banky využiť na rozšírenie distribučných kanálov. Banka plánuje elektronické bankovníctvo a otváranie nových pobočiek, rozšírenie úverového portfólia. Akcionári UniBanky. | ||
| 610 | 2 | 0 | |a banky |
| 610 | 2 | 0 | |a imanie základné |
| 610 | 2 | 0 | |a bankovníctvo elektronické |
| 610 | 2 | 0 | |a kanály distribučné |
| 610 | 2 | 0 | |a úver |
| 610 | 2 | 0 | |a úver hypotekárny |
| 610 | 2 | 0 | |a akcionári |
| 610 | 2 | 0 | |a UniBanka, a.s. Bratislava |